000 00445nam a2200205Ia 4500
001 13144
003 GE_BSU
008 181216s||||||||xx |||||||||||||| ||und||
020 _a075530750X.
040 _cGE_BSU
080 _a821.111-32
100 _aLevy,Andrea.
245 _aSmall Island.
260 _aLondon.
260 _bHeadline book publishing.
260 _c2004
300 _a533p;20cm.
653 _aSmall Island.
942 _cBK
999 _c46308
_d46308